| 000 | 01199nam0a22003131 4500 | ||
|---|---|---|---|
| 001 | v19\rc\1596415 | ||
| 005 | 20260406210441.0 | ||
| 035 | _a(NLR Aleph) 004719684 | ||
| 090 |
_a4314932 _c4314932 |
||
| 100 | _a20061002d18951895|||y0rusy50 ca | ||
| 101 | 0 | _arus | |
| 102 | _aRU | ||
| 105 | _ay z ||||| | ||
| 200 | 1 |
_aУстав Псковского братства во имя святых Кирилла и Мефодия, словенских первоучителей _e[Утв. 29 июля 1895 г.] |
|
| 210 |
_aОстров _d[1895] |
||
| 215 | _a7 с. | ||
| 309 | _aБез тит. л. и обл. | ||
| 311 | _aПерепеч. из "Псков. епарх. вед." | ||
| 488 | 0 |
_12001#$aПсковские епархиальные ведомости _tПсковские епархиальные ведомости |
|
| 702 | 0 |
_aКирилл _4570 |
|
| 702 | 0 |
_aМефодий _4570 |
|
| 710 | 0 | 2 |
_aПсковское братство св. Кирилла и Мефодия _3RU\NLR\AUTH\889967319 _9430984 |
| 801 | 0 |
_aRU _bNLR _gpsbo |
|
| 801 | 0 |
_aRU _bRuMoRGB _2psbo |
|
| 801 | 1 |
_aRU _bProSoft-M _2rusmarc |
|
| 852 |
_aNLR _j20.59.4.384 |
||
| 899 | _aБАН | ||
| 942 | _cBOOK | ||
| 980 | _aNB | ||